00535nam a2200181Ia 4500001000700000008004100007010001100048082001300059100002100072245008000093260005700173300001100230440000500241500000500246503000800251650002800259650006600287Z_2757220113s1989 xx 000 0 und d a165816 a633.3 M3 aMarten, G. C. aPersistence of forage legumes /cby G. C. Marten... /cand others /c aMadison, Wis :bAmerican Society of Agronomy,c1989 a572 p. a a aC/E aLeguminosasxCongresos  aPlantas forrajerasxCongresos I. American Society of Agronomy